00334nam a2200133Ia 450000500170000000800410001708200130005810000150007124500410008625000090012726000300013650000080016665000260017420240823005848.0240823s9999||||xx |||||||||||||| ||und|| A620.1 N8 aKhurmi R S 2aA Text Book of Engineering Mechanics a29th c1998b"S Chand,New Delhi" aYES aMechanicsbMechanical